Statistics for United States Military Aircraft

Click here to take the quiz!

General Stats

  • This quiz has been taken 35 times
  • The average score is 16 of 20

Answer Stats

Answer% Correct
B-2 Spirit
100%
F/A-18 Super Hornet
100%
F-22 Raptor
93%
A-10 Thunderbolt
90%
B-52 Stratofortress
90%
F-14 Tomcat
90%
F-15 Eagle
90%
F-16 Fighting Falcon
90%
AH-64 Apache
83%
F-35B Lightning II
83%
MH-47 Chinook
83%
C-130 Hercules
80%
CV-22 Osprey
80%
F-4 Phantom II
77%
AC-130 Gunship
73%
AV-8B Harrier II
73%
B1- Lancer
70%
UH-60 Blackhawk
70%
AH-6M Little Bird
47%
Douglas A-4 Skyhawk
37%

Score Distribution

Percentile by Number Answered

Percent of People with Each Score

Your Score History

You have not taken this quiz